The frontiers of management

Bibliographic Details
Main Author: Drucker, Petre F. (Author)
Format: Book
Language:English
Published: Oxford : Butterworth-Heinemann 2004
Subjects:

MARC

LEADER 00000cam a2200000 7i4500
001 0000016361
005 20241028.0
008 060327 enk eng
020 |a 8181473795 (Indian Reprint) 
040 |a INS   |b eng   |e rda 
090 0 0 |a HD31   |b .D78 2004 
100 1 |a Drucker, Petre F. ,   |e author 
245 1 4 |a The frontiers of management   |c Peter F. Druncker 
264 1 |a Oxford :   |b Butterworth-Heinemann   |c 2004 
264 4 |c ©1986 
300 |a xi, 368 pages ;   |c 23 cm. 
336 |a text  |2 rdacontent 
337 |a unmediated  |2 rdamedia 
338 |a volume  |2 rdacarrier 
500 |a Includes index 
650 0 |a Management 
650 0 |a Organizations 
999 |a 0000016258   |b BOOK   |c Open Shelf   |e Default branch